1157 1796 1630 1162 1973 1478 1211 1107 1738 1401 1914 1572 1903 1523 1741 1283 1581 1147 1177 1417 1108 1897 1929 1952 1946 1552 1213 1581 1214 1760 1449 1853 1122 1240 1311 1448 1551 1740 1348 1146 1044 1152 1822 1374 1838 1992 1177 1316 1846 1600 1212 1576 1393 1244 1006 1034 1087 1308 1921 1946 1817 1044 1782 1294 1917 1784 1944 1893 1675 1077 1526 1733 1298 1524 1725 1978 1407 1535 1382 1816 1725 1427 1959 1003 1456 1316 1192 1597 1090 1711 1590 1356 1709 1186 1722 1389 1601 1113 1135 BCNSPRNW ULIB Ver.6.0+V

เปลี่ยนเป็นภาษาไทย

Change to English
 แสดงรายละเอียดบรรณานุกรม
  กลับหน้าหลัก

Brief Record : Get Marc (ISO 2709) : E-mail record : QR code < ปิดหน้าต่าง
LEADER : 00000nam 2200000uu 4500
001    13399126143
003     ULIB
008    180612s2017||||th 000 0 tha d
020    ^a9781316637869
050 00 ^aPE1128^bC172^cV.12
245 10 ^aCambridge practice tests for IELTS 12
260    ^aCambridge :^bCambridge University Press,^c2017
300    ^a136 p.:^bill. ;^c25 cm.
650 00 ^aInternational English Language Testing System.
650 00 ^aEnglish language^xExaminations, questions, etc.
650 00 ^aEnglish language^xTextbooks for foreign speakers
945    ^p530^l0^i004239
999    ^aวรรณษา ชูชัยมงคล
รายการนี้ยังไม่มีแท็ก
คุณยังไม่ได้ล็อกอิน คุณสามารถมีกิจกรรมร่วมกับเว็บไซต์ได้ แต่ต้องล็อกอินก่อน ::
  ล็อกอิน

รายการสื่อสารสนเทศ

ลำดับที่ ประเภท เลขเรียก/บาร์โค้ด สถานที่ สถานะ
1. วิทยาศาสตร์การแพทย์ และสุขภาพ
หนังสือสำรอง
สถานะ=หนังสือสำรอง
PE1128 C172 V.12 ฉ.1 
  Barcode: 004239
ห้องสมุดวิทยาเขตสวรรค์ประชารักษ์
►หนังสือทั่วไป
ถูกยืม กำหนดส่งวันที่ 30 มกราคม 2569
  จอง

รายการใกล้เคียง
    ชื่อเรื่อง [Cambridge practice tests for IELTS 12]

    หัวเรื่อง [International English Language Testing System.]

BibComment


ยังไม่เคยถูกคอมเมนท์

คอมเมนท์ทรัพยากรรายการนี้
  คอมเมนท์: Cambridge practi..


 Copyright 2026. Bcnsprnw @Library